Bayern München Current Squad - Statistics

General Stats
  • This quiz has been taken 48 times
  • The average score is 17 of 24
Answer Stats
Number Answer % Correct
9 Harry Kane
98%
1 Manuel Neuer
95%
42 Jamal Musiala
90%
10 Leroy Sané
90%
19 Alphonso Davies
88%
3 Min-Jae Kim
88%
25 Thomas Müller
88%
2 Dayot Upamecano
85%
6 Joshua Kimmich
85%
8 Leon Goretzka
85%
7 Serge Gnabry
85%
11 Kingsley Coman
80%
4 Matthijs de Ligt
76%
Coach Thomas Tuchel
73%
13 Eric Maxim Choupo-Moting
68%
27 Konrad Laimer
61%
39 Mathys Tel
61%
22 Raphaël Guerreiro
59%
26 Sven Ulreich
59%
45 Aleksandar Pavlović
56%
40 Noussair Mazraoui
54%
20 Bouna Sarr
39%
18 Daniel Peretz
34%
41 Frans Krätzig
20%
No matching quizzes found
Score Distribution
Percent of People with Each Score
Percentile by Number Answered
Your Score History
You have not taken this quiz